LEADER 01037nam 2200361 450 001 9910138273503321 005 20221014193804.0 010 $a953-51-4377-8 035 $a(CKB)3230000000075401 035 $a(NjHacI)993230000000075401 035 $a(EXLCZ)993230000000075401 100 $a20221014d2012 uy 0 101 0 $aeng 135 $aur||||||||||| 181 $ctxt$2rdacontent 182 $cc$2rdamedia 183 $acr$2rdacarrier 200 00$aAdvances in chemical sensors /$fWen Wang, editor 210 1$a[Place of publication not identified] :$cIntechOpen,$d[2012] 210 4$dİ2012 215 $a1 online resource (360 pages) $cillustrations 311 $a953-307-792-1 320 $aIncludes bibliographical references. 606 $aChemical detectors 615 0$aChemical detectors. 676 $a681.2 702 $aWang$b Wen 801 0$bNjHacI 801 1$bNjHacl 906 $aBOOK 912 $a9910138273503321 996 $aAdvances in Chemical Sensors$92176474 997 $aUNINA